Logo BPK

Biblioteka

Politechniki Koszalińskiej

Basis : (Rekord nr 50951)

Szczegóły MARC
000 -ETYKIETA REKORDU
podpole kontrolne o stałej długości 00540nam a2200169 i 4500
001 - NUMER KONTROLNY REKORDU
pole kontrolne bgj
040 ## - ŹRÓDŁO KATALOGOWANIA
Instytucja, która utworzyła rekord BPK
041 0# - KOD JĘZYKA
Kod języka tekstu ger
008 - POLE O STAŁEJ DŁUGOŚCI - DANE KONTROLNE
podpole kontrolne o stałej długości s gw f |000 0 ger
245 00 - TYTUŁ/ODPOWIEDZIALNOŚĆ
Tytuł Basis :
Ciąg dalszy tytułu Jahrbuch für deutsche Gegenwartsliteratur II (1971) /
Pozostałe elementy strefy tytułu i oznaczenia odpowiedzialności Herausgegeben von Reinhold Grimm und Jost Hermand.
260 ## - STREFA ADRESU WYDAWNICZEGO
Miejsce wydania Franfurt :
Nazwa wydawcy/dystrybutora Athenäum Verlag,
Data publikacji, dystrybucji/powstania dokumentu c. 1971.
300 ## - STREFA OPISU FIZYCZNEGO
Objętość 313 S. ;
Rozmiary 23 cm.
650 #9 - HASŁO PRZEDMIOTOWE W FORMIE NAZWY OGÓLNEJ LUB JEDNOSTKOWEJ
Nazwa ogólna lub geograficzna Deutsche Literatur
Określnik ogólny Geschichte und Kritik
700 1# - HASŁO DODATKOWE - NAZWA OSOBOWA
Nazwa osobowa GRIMM, Reinhold.
Określenie związku między hasłem a opisywanym materiałem Hrsg.
700 1# - HASŁO DODATKOWE - NAZWA OSOBOWA
Nazwa osobowa HERMAND, Jost.
Określenie związku między hasłem a opisywanym materiałem Hrsg.
856 ## - LOKALIZACJA I DOSTĘP DO ELEKTRONICZNYCH DOKUMENTÓW ZDALNYCH
Link (URL) http://koha.tu.koszalin.pl/cgi-bin/koha/opac-detail.pl?biblionumber=50951
Tekst linku Katalog online BPK
942 ## - DODATKOWE ELEMENTY (KOHA)
Typ dokumentu Książka
Egzemplarze
Wycofany Status egzemplarza Uszkodzony Dostępność Lokalizacja stała Lokalizacja bieżąca Miejsce przechowywania Sygnatura Kod kreskowy Typ dokumentu
      Tylko na miejscu Biblioteka Politechniki Koszalińskiej Biblioteka Politechniki Koszalińskiej Czytelnia Wydziałowa ul. Kwiatkowskiego 6e N 63 01580303 Książka
© 2023 Biblioteka Politechniki Koszalińskiej :: KOHA